Modernised rainfed tanks in South India (Record no. 48276)

000 -LEADER
fixed length control field 00431pab a2200181 454500
008 - FIXED-LENGTH DATA ELEMENTS--GENERAL INFORMATION
fixed length control field 180718b2000 xxu||||| |||| 00| 0 eng d
100 ## - MAIN ENTRY--PERSONAL NAME
Personal name Sekar, I.
245 ## - TITLE STATEMENT
Title Modernised rainfed tanks in South India
260 ## - PUBLICATION, DISTRIBUTION, ETC.
Date of publication, distribution, etc. 2000
300 ## - PHYSICAL DESCRIPTION
Extent p.444-48
362 ## - DATES OF PUBLICATION AND/OR SEQUENTIAL DESIGNATION
Dates of publication and/or sequential designation Oct-Dec
650 ## - SUBJECT ADDED ENTRY--TOPICAL TERM
Topical term or geographic name entry element Tanks
650 ## - SUBJECT ADDED ENTRY--TOPICAL TERM
Topical term or geographic name entry element Irrigation - South India
650 ## - SUBJECT ADDED ENTRY--TOPICAL TERM
Topical term or geographic name entry element Irrigation
700 ## - ADDED ENTRY--PERSONAL NAME
Personal name Palanisami, K.
773 ## - HOST ITEM ENTRY
Main entry heading Productivity
909 ## -
-- 48276
Holdings
Withdrawn status Lost status Damaged status Not for loan Permanent Location Current Location Date acquired Serial Enumeration / chronology Barcode Date last seen Price effective from Koha item type
        Indian Institute of Public Administration Indian Institute of Public Administration 2018-07-19 Volume no: 41, Issue no: 3 AR48704 2018-07-19 2018-07-19 Articles

Powered by Koha